<?xml version="1.0" encoding="UTF-8"?>
<record
    xmlns:xsi="http://www.w3.org/2001/XMLSchema-instance"
    xsi:schemaLocation="http://www.loc.gov/MARC21/slim http://www.loc.gov/standards/marcxml/schema/MARC21slim.xsd"
    xmlns="http://www.loc.gov/MARC21/slim">

  <leader>00749nam a22001577a 4500</leader>
  <controlfield tag="008">090804t        xxu||||| |||| 00| 0 eng d</controlfield>
  <datafield tag="020" ind1=" " ind2=" ">
    <subfield code="a">9770186139</subfield>
  </datafield>
  <datafield tag="082" ind1=" " ind2=" ">
    <subfield code="a">649.1</subfield>
    <subfield code="b">&#x628; &#x64A; &#x646;</subfield>
  </datafield>
  <datafield tag="245" ind1=" " ind2=" ">
    <subfield code="a">&#x623;&#x628;&#x646;&#x627;&#x624;&#x646;&#x627; &#x648;&#x623;&#x633;&#x628;&#x627;&#x628; &#x627;&#x644;&#x646;&#x62C;&#x627;&#x62D; /</subfield>
    <subfield code="c">&#x62A;&#x623;&#x644;&#x64A;&#x641; &#x64A;&#x64A;&#x62A;&#x631;&#x644; &#x628;&#x64A;&#x646;&#x633;&#x648;&#x644;&#x61B; &#x627;&#x639;&#x62F;&#x627;&#x62F; &#x639;&#x644;&#x649; &#x639;&#x641;&#x64A;&#x641;&#x649;</subfield>
  </datafield>
  <datafield tag="260" ind1=" " ind2=" ">
    <subfield code="a">&#x627;&#x644;&#x642;&#x627;&#x647;&#x631;&#x629;:</subfield>
    <subfield code="b">&#x627;&#x644;&#x647;&#x64A;&#x626;&#x629; &#x627;&#x644;&#x645;&#x635;&#x631;&#x64A;&#x629; &#x627;&#x644;&#x639;&#x627;&#x645;&#x629; &#x644;&#x644;&#x643;&#x62A;&#x627;&#x628;&#x60C;</subfield>
    <subfield code="c">2003</subfield>
  </datafield>
  <datafield tag="300" ind1=" " ind2=" ">
    <subfield code="a">209 &#x61B; &#x635;</subfield>
    <subfield code="c">19 &#x633;&#x645;</subfield>
  </datafield>
  <datafield tag="490" ind1=" " ind2=" ">
    <subfield code="a">&#x627;&#x644;&#x623;&#x639;&#x645;&#x627;&#x644; &#x627;&#x644;&#x62E;&#x627;&#x635;&#x629;</subfield>
  </datafield>
  <datafield tag="650" ind1=" " ind2=" ">
    <subfield code="9">8355</subfield>
    <subfield code="a">&#x627;&#x644;&#x623;&#x637;&#x641;&#x627;&#x644;</subfield>
    <subfield code="x">-- &#x62A;&#x631;&#x628;&#x64A;&#x629;</subfield>
  </datafield>
  <datafield tag="942" ind1=" " ind2=" ">
    <subfield code="2">ddc</subfield>
    <subfield code="c">BB</subfield>
  </datafield>
  <datafield tag="999" ind1=" " ind2=" ">
    <subfield code="c">12533</subfield>
    <subfield code="d">12533</subfield>
  </datafield>
  <datafield tag="952" ind1=" " ind2=" ">
    <subfield code="0">0</subfield>
    <subfield code="1">0</subfield>
    <subfield code="2">ddc</subfield>
    <subfield code="4">0</subfield>
    <subfield code="7">0</subfield>
    <subfield code="8">Alef-Baa</subfield>
    <subfield code="a">MAIN</subfield>
    <subfield code="b">MAIN</subfield>
    <subfield code="c">1ST</subfield>
    <subfield code="d">2009-08-04</subfield>
    <subfield code="e">purchase</subfield>
    <subfield code="l">4</subfield>
    <subfield code="m">3</subfield>
    <subfield code="o">649.1 &#x623;&#x628;&#x646;</subfield>
    <subfield code="p">000017646</subfield>
    <subfield code="r">2025-07-15 00:00:00</subfield>
    <subfield code="s">2018-12-25</subfield>
    <subfield code="y">BB</subfield>
  </datafield>
</record>
